TOP 65 reprezentacji w rankingu FIVB (siatkówka) - Statystyki

Ogólne statystyki
  • Ten quiz został rozwiązany 995 razy
  • Średni wynik to 43 z 65
Statystyki odpowiedzi
Miejsce Odpowiedź % Poprawnych
1 Polska
100%
5 Stany Zjednoczone
97%
4 Włochy
97%
2 Brazylia
96%
6 Francja
96%
7 Japonia
93%
17 Niemcy
92%
3 rosja
91%
9 Argentyna
89%
27 Chiny
89%
8 Słowenia
89%
18 Kanada
88%
34 Hiszpania
87%
15 Ukraina
86%
12 Holandia
84%
28 Portugalia
82%
10 Serbia
82%
25 Belgia
80%
21 Czechy
80%
16 Meksyk
80%
42 Słowacja
79%
24 Finlandia
78%
22 Egipt
77%
11 Iran
77%
13 Kuba
77%
53 Norwegia
77%
59 Szwecja
77%
14 Turcja
77%
39 Australia
76%
20 Bułgaria
76%
33 Korea Południowa
72%
35 Grecja
71%
36 Chorwacja
70%
44 Dania
70%
48 Austria
69%
41 Estonia
66%
26 Chile
65%
45 Łotwa
64%
31 Rumunia
64%
47 Węgry
64%
37 Szwajcaria
63%
38 białoruś
62%
19 Tunezja
62%
51 Kolumbia
59%
57 Wenezuela
56%
43 Macedonia Pólnocna
55%
56 Maroko
55%
61 Peru
55%
40 Czarnogóra
54%
63 Kazachstan
54%
55 Albania
51%
23 Katar
50%
52 Bośnia i Hercegowina
49%
60 Izrael
47%
62 Tajlandia
47%
30 Kamerun
44%
32 Dominikana
42%
49 Luksemburg
35%
64 Kenia
33%
29 Portoryko
33%
50 Azerbejdżan
32%
58 Cypr
32%
54 Pakistan
29%
46 Tajpej
7%
65 Wyspy Owcze
7%
Nie znaleziono quizów pasujących do podanych kryteriów
Rozkład punktacji
Procent ludzi z każdym wynikiem
Percentyl według liczby udzielonych odpowiedzi
Twoja historia wyników
Nie rozwiązałeś tego quizu